000 00264nam a22001097a 4500
082 _a629.1 GLI'M
100 _aGLINES, CEROLL V
_958675
245 _aTHE MODERN UNITED STATE AIR FORCE
260 _aNEWJERSCY
_bD. VAN NOSTRAND
_c1963
300 _a200P
942 _cBK
999 _c568819
_d568819